Online
Catalog

Constitución de la República Dominicana : (Record no. 42794)

MARC details
000 -CABECERA
campo de control de longitud fija 01608nam a2200253 a 4500
001 - NÚMERO DE CONTROL
campo de control 000043305
005 - FECHA Y HORA DE LA ÚLTIMA TRANSACCIÓN
campo de control 20201002040814.0
008 - DATOS DE LONGITUD FIJA--INFORMACIÓN GENERAL
campo de control de longitud fija 110517s2013 dr f001 0 spa d
020 ## - NÚMERO INTERNACIONAL ESTÁNDAR DEL LIBRO
Número Internacional Estándar del Libro 9789945141085
040 ## - FUENTE DE LA CATALOGACIÓN
Centro catalogador/agencia de origen DO-SdBNP
Lengua de catalogación spa
Centro/agencia transcriptor BNPHU
082 ## - NÚMERO DE LA CLASIFICACIÓN DECIMAL DEWEY
Número de clasificación 342.729302
Número de documento/Ítem R426c, 2013
110 1# - ENTRADA PRINCIPAL--NOMBRE DE ENTIDAD CORPORATIVA
Nombre de entidad corporativa o nombre de jurisdicción como elemento de entrada República Dominicana.
9 (RLIN) 447
240 10 - TÍTULO UNIFORME
Título uniforme Constitución (2010)
245 10 - MENCIÓN DE TÍTULO
Título Constitución de la República Dominicana :
Resto del título proclamada el 26 de enero del año 2010.
260 ## - PUBLICACIÓN, DISTRIBUCIÓN, ETC.
Lugar de publicación, distribución, etc. Santo Domingo :
Nombre del editor, distribuidor, etc. Tribunal Constitucional
-- Corripio,
Fecha de publicación, distribución, etc. 2013.
300 ## - DESCRIPCIÓN FÍSICA
Extensión 121 p. ;
Dimensiones 24 cm.
500 ## - NOTA GENERAL
Nota general Publicada en la gaceta oficial no. 10561,del 26 de enero 2010
500 ## - NOTA GENERAL
Nota general Incluye índice temático
505 0# - NOTA DE CONTENIDO CON FORMATO
Información miscelánea Preámbulo --
Título De la Nación, del Estado, de su gobierno y de sus principios fundamentales --
-- De la nación, de su soberanía y su gobierno
-- El estado social y democrático de derecho --
-- Del territorio nacional --
-- De la conformación del territorio nacional --
-- Del Régimen de seguridad y desarrollo fronterizo
-- De la división político administrativa --
-- De los recursos naturales --
-- De la población --
-- De la nacionalidad --
-- De la ciudadanía --
-- Del régimen de extrajería
-- De las Fuerzas Armadas, de la Policía Nacional y de la Seguridad y Defensa --
-- De los Estados de Excepción --
-- De las Reformas Constitucionales --
Información miscelánea Disposiciones generales y transitorias --
-- Firmas.
590 ## - NOTA LOCAL (RLIN)
Nota local Inventariado, 2018/ YL
651 #4 - PUNTO DE ACCESO ADICIONAL DE MATERIA--NOMBRE GEOGRÁFICO
Nombre geográfico República Dominicana
Subdivisión general Constitución (2010{Rpara}
9 (RLIN) 35654
651 #4 - PUNTO DE ACCESO ADICIONAL DE MATERIA--NOMBRE GEOGRÁFICO
Nombre geográfico República Dominicana
Subdivisión geográfica Derecho Constitucional
9 (RLIN) 449
910 ## - DATOS DE OPCIÓN DEL USUARIO (OCLC)
Datos de opción del usuario Validado. Control de calidad MFF
Holdings
Estado de retiro Estado de pérdida Restricciones de uso No para préstamo Código de colección Localización permanente Ubicación/localización actual Ubicación en estantería Fecha de adquisición Número de inventario Total de préstamos Signatura topográfica completa Código de barras Fecha visto por última vez Número de copia Precio válido a partir de Tipo de ítem Koha
        Dominicana de Servicio General General Depósito 19.03.2014 LF1   342.729302 R426c, 2013 43305-30 25.06.2020 e. 3 25.06.2020 Libro y Folleto Colección Dominicana de Servicio
        Dominicana de Servicio General General Depósito 19.03.2014 LF1   342.729302 R426c, 2013 43305-40 25.06.2020 e. 4 25.06.2020 Libro y Folleto Colección Dominicana de Servicio
        Dominicana de Servicio General General Depósito 19.03.2014 LF1   342.729302 R426c, 2013 43305-50 25.06.2020 e. 5 25.06.2020 Libro y Folleto Colección Dominicana de Servicio
      Excluido de préstamo Patrimonio Dominicano Patrimonio Dominicano Patrimonio Dominicano Depósito 04.03.2014 LF1   342.729302 R426c, 2013 43305-10 25.06.2020   25.06.2020 Libro y Folleto Colección Patrimonio Dominicano
      Excluido de préstamo Patrimonio Dominicano Patrimonio Dominicano Patrimonio Dominicano Depósito 04.03.2014 LF1   342.729302 R426c, 2013 43305-20 25.06.2020 e. 2 25.06.2020 Libro y Folleto Colección Patrimonio Dominicano

Powered by Koha